Open Data Biblioteca Nacional de Portugal


República Portuguesa: Ministério da Cultura
Biblioteca Nacional de Portugal

Catálogo da BNP: acesso por Identificadores Unívocos
Registos Bibliográficos associados ao registo de autoridade

Etiqueta de registo: 00000nam 2200025 450
001 1974974
003 http://id.bnportugal.gov.pt/bib/catbnp/1974974
100 ## $a20171027d2016 k y0pory01030103ba
101 0# $aeng$dpor
102 ## $aPT
105 ## $aa m 001yy
106 ## $ar
200 1# $aLocal probing spinel and perovskite complex magnetic systems$fGonçalo Oliveira$gorient. João Pedro Esteves de Araújo, Armandina Maria Lima Lopes
210 #9 $aPorto$c[s.n.],$d2016
215 ## $aXXX, 231 p.$cil.$d30 cm
328 #1 $aTese dout. Física, Fac. de Ciências, Univ. do Porto, 2016
675 ## $a537.8(043)$vBN$zpor$3299436
675 ## $a544(043)$vBN$zpor$31248239
700 #1 $aOliveira,$bGonçalo$31695449
702 #1 $aAraújo,$bJoão Pedro Esteves de$4727$31051833
702 #1 $aLopes,$bArmandina Maria Lima$4727$3972883
801 #0 $aPT$bBN$gRPC
966 ## $lBN$mFGMON$sS.A. 166968 V.$x1

Etiqueta de registo: 00254nam 2200025 450
001 2225715
003 http://id.bnportugal.gov.pt/bib/catbnp/2225715
010 ## $a978-989-33-8167-0
021 ## $aPT$b548180/25
100 ## $a20250909d2025 m y0pory01030103ba
101 0# $aeng
102 ## $aPT
105 ## $aa z 000yy
106 ## $ar
200 1# $a The Kaizen culture paradox$e the smartest way to run a business$fEuclides Coimbra, Alberto Bastos$gcontrib. Carolyn Lum... [et al.]$gcoord. Gonçalo Oliveira
205 ## $a1st ed
210 #9 $a[S.l.]$cKaizen Institute,$d2025
215 ## $a347, [1] p.$cil.$d25 cm
675 ## $a005.32/.34(035)$vBN$zpor$31227186
675 ## $a005.59(035)$vBN$zpor$31236306
675 ## $a005.73(035)$vBN$zpor$31341270
675 ## $a005.62(035)$vBN$zpor$31504603
700 #1 $aCoimbra,$bEuclides$31965803
701 #1 $92$aBastos,$bAlberto$4070$31742975
702 #1 $aLum,$bCarolyn$4205$31965809
702 #1 $aOliveira,$bGonçalo$4340$31695449
801 #0 $aPT$bBN$gRPC
856 41 $uhttp://rnod.bnportugal.gov.pt/ImagesBN/winlibimg.aspx?skey=&doc=2225715&img=212761&save=true
900 ## $aBIBNAC$d20251002
966 ## $lBN$mFGMON$sP. 70759 V.$x1
966 ## $lBN$mFGMON$sP. 70759 V.-D$x1
971 ## $cssilva$d20250909
973 ## $cigoulao$d20250924
975 ## $e0$d20251002$viquintas

Etiqueta de registo: 00254nam 2200025 450
001 2283561
003 http://id.bnportugal.gov.pt/bib/catbnp/2283561
010 ## $a978-989-33-9192-1
021 ## $aPT$b559385/25
100 ## $a20260402d2026 k y0pory01030103ba
101 1# $afre
102 ## $aCH
105 ## $aa z 000yy
106 ## $ar
200 1# $a Le paradoxe de la culture Kaizen$e la méthode la plus intelligente pour gérer une entreprise$fAlberto Bastos, Euclides Coimbra$gcontrib. Carolyn Lum... [et al.]$gcoord. Gonçalo Oliveira$gtrad. Cátia Teodósio, Hélène Ventrinponte
205 ## $a1ère ed
210 #9 $a[S.l.]$cKaizen Institute,$dD.L. 2026
215 ## $a416 p.$cil.$d25 cm
675 ## $a005.32/.34(035)$vBN$zpor$31227186
675 ## $a005.59(035)$vBN$zpor$31236306
675 ## $a005.73(035)$vBN$zpor$31341270
675 ## $a005.62(035)$vBN$zpor$31504603
700 #1 $92$aBastos,$bAlberto$31742975
701 #1 $aCoimbra,$bEuclides$4070$31965803
702 #1 $aLum,$bCarolyn$4205$31965809
702 #1 $aOliveira,$bGonçalo$4340$31695449
702 #1 $aTeodósio,$bCátia$4730$31994644
702 #1 $aVentrinponte,$bHélène$4730$31994645
801 #0 $aPT$bBN$gRPC
856 41 $uhttp://rnod.bnportugal.gov.pt/ImagesBN/winlibimg.aspx?skey=&doc=2283561&img=222203&save=true
966 ## $lBN$mFGMON$sP. 72737 V.$x1
966 ## $lBN$mFGMON$sP. 72737 V.-D$x1
971 ## $cssilva$d20260402
973 ## $cigoulao$d20260507

OpendataBNP@bnportugal.pt | Mais informação sobre acesso aos dados BNP